Govt. of
Madhya Pradesh

The Weather and I (Record no. 14827)

MARC details
000 -LEADER
fixed length control field 004660000a22001930004500
001 - CONTROL NUMBER
control field 002920
003 - CONTROL NUMBER IDENTIFIER
control field MACL
005 - DATE AND TIME OF LATEST TRANSACTION
control field 20151206154616.0
008 - FIXED-LENGTH DATA ELEMENTS--GENERAL INFORMATION
fixed length control field 151206b xxu||||| |||| 00| 0 eng d
040 ## - CATALOGING SOURCE
Original cataloging agency MACL
Transcribing agency MACL
041 ## - LANGUAGE CODE
Language code of text/sound track or separate title English
082 ## - DEWEY DECIMAL CLASSIFICATION NUMBER
Classification number 742
100 ## - MAIN ENTRY--PERSONAL NAME
Personal name Rangachari, Devika
9 (RLIN) 19360
245 ## - TITLE STATEMENT
Title The Weather and I
Statement of responsibility, etc. Devika Rangachari
260 ## - PUBLICATION, DISTRIBUTION, ETC. (IMPRINT)
Place of publication, distribution, etc. CBT Publication,
Date of publication, distribution, etc. 2005
350 ## - PRICE (NR) (BK AM CF MU VM SE) [OBSOLETE]
Price 60
650 ## - SUBJECT ADDED ENTRY--TOPICAL TERM
Topical term or geographic name as entry element Children's Book
9 (RLIN) 19629
942 ## - ADDED ENTRY ELEMENTS (KOHA)
Call number prefix 742
Koha item type Books
Source of classification or shelving scheme
Holdings
Withdrawn status Lost status Source of classification or shelving scheme Damaged status Not for loan Home library Current library Shelving location Date acquired Cost, normal purchase price Total Checkouts Full call number Barcode Date last seen Date last checked out Uniform Resource Identifier Price effective from Koha item type
          MACL MACL Children's Area 15/04/2015 60.00 1 742 CRE019236 02/05/2024 15/09/2015 14715 15/04/2015 Books